000 01182cam a22003497a 4500
001 2750
003 FISKH
005 20240112105202.0
008 101124s2010 enkab b 001 0 eng
010 _a 2011379016
015 _aGBB075604
_2bnb
016 7 _a015583754
_2Uk
020 _a9780752455532 (pbk.)
020 _a0752455532 (pbk.)
035 _a(OCoLC)ocn645674595
040 _aUKM
_cUKM
_dYDXCP
_dCDX
_dDLC
042 _alccopycat
050 0 0 _aD807.G7
_bS73 2010
082 0 4 _a940.547541092
_222
100 1 _aStarns, Penny.
245 1 0 _aSurviving Tenko :
_bthe story of Margot Turner /
_cPenny Starns.
260 _aCheltenham :
_bHistory Press,
_c2010.
300 _a189 pages, [8] p. of plates :
_billustrations, map ;
_c24 cm.
504 _aIncludes bibliographical references and index.
600 1 0 _aTurner, Margot,
_d1910-1993.
650 0 _aWorld War, 1939-1945
_xMedical care
_zGreat Britain.
650 0 _aMilitary nursing
_zGreat Britain
_xHistory
_y20th century.
650 0 _aWorld War, 1939-1945
_xParticipation, Female.
650 0 _aNurses
_zGreat Britain
_vBiography.
906 _a7
_bcbc
_ccopycat
_d2
_encip
_f20
_gy-gencatlg
942 _2lcc
_cBK
_n0
999 _c2750
_d2750